| 000 | 01496cam a22003015a 4500 | ||
|---|---|---|---|
| 001 | 15849481 | ||
| 005 | 20161117143721.0 | ||
| 008 | 090728t2009 dcua frbd 001 0 eng d | ||
| 020 | _a9781582120935 | ||
| 020 | _a1582120935 | ||
| 040 |
_aDNLM/DLC _cDLC _dYDX _dNLM _dDLC _dEG-ScBUE _beng |
||
| 082 | 0 | 4 |
_a615.1023 _222 _bPOS |
| 100 | 1 | _aPosey, L. Michael. | |
| 245 | 1 | 4 |
_aThe pharmacy technician's introduction to pharmacy / _cL. Michael Posey. |
| 260 |
_aWashington : _bAmerican Pharmacists Association, _cc.2009. |
||
| 300 |
_ax, 192 p. : _bill. ; _c28 cm. |
||
| 490 | 0 | _aAPhA pharmacy technician training series | |
| 500 | _aGlossary : p. [177]-180. | ||
| 500 | _aIndex : p. [181]-192. | ||
| 504 | _aIncludes bibliographical references. | ||
| 505 | 0 | _aPharmacy's cadence : drumbeat of a profession -- Development of pharmacy in history as a healing profession -- Pharmacy reborn : pharmaceutical care and medication therapy management -- Communications in pharmacy practice / Bruce A. Berger -- Ethics in pharmacy practice -- Careers for pharmacy technicians -- Governmental and voluntary oversight of pharmacy -- Pharmacy associations -- Using the pharmacy literature--and writing for it -- Postgraduate educational opportunities for pharmacists -- Current issues in pharmacy. | |
| 650 | 7 |
_aPharmacy technicians. _2BUEsh |
|
| 650 | 7 |
_aPharmacy _xPractice. _2BUEsh |
|
| 651 | _2BUEsh | ||
| 653 |
_bPPhrm _cNovember2016 |
||
| 710 | 2 | _aAmerican Pharmacists Association. | |
| 942 | _2ddc | ||
| 999 |
_c23184 _d23156 |
||